[Event "Reykjavik"]
[Site "Reykjavik"]
[Date "1984.??.??"]
[Round "?"]
[White "Olafsson, Helgi"]
[Black "Petursson, Margeir"]
[Result "1/2-1/2"]
[WhiteElo "2445"]
[BlackElo "2465"]

1.d4 Nf6 2.Nf3 e6 3.c4 Bb4+ 4.Bd2 Qe7 5.g3 Nc6 6.Bg2 Bxd2+ 7.Nbxd2 d6 8.O-O O-O
9.e4 e5 10.d5 Nb8 11.Ne1 a5 12.Nd3 Na6 13.Re1  1/2-1/2

[Event "Kamen Piskov mem 4"]
[Site "Ruse"]
[Date "1984.??.??"]
[Round "7"]
[White "Orso, Miklos"]
[Black "Lalev, Dimitar"]
[Result "1/2-1/2"]
[WhiteElo "2390"]
[BlackElo "2420"]

1.d4 Nf6 2.Nf3 e6 3.c4 Bb4+ 4.Bd2 c5 5.Bxb4 cxb4 6.Nbd2 O-O 7.g3 d6 8.Bg2 Re8
9.O-O e5 10.Qb3 a5 11.e3 Nc6 12.a3 a4 13.Qc2 b3 14.Qc3 Bf5 15.Rac1 Ne4 16.Nxe4 Bxe4
17.Rfd1 Qf6 18.Ne1 exd4 19.exd4 Bxg2 20.Kxg2 Re2 21.Nf3 Rae8 22.Rd2 g6 23.Qd3 R8e3
24.Qxe3 Rxe3 25.fxe3 Qf5 26.d5 Ne5 27.Nxe5 Qxe5 28.Kf2 b6 29.Re1 Qe4 30.Rd4 Qf5+
31.Rf4 Qc2+ 32.Re2 Qd1 33.h4 Kg7 34.g4 h6 35.e4 g5 36.hxg5 hxg5 37.Rf3 Qd4+
38.Kg3 f6 39.Rc3 Qd1 40.Kf3 Qh1+ 41.Ke3 Qh3+ 42.Kd2 Qxg4 43.Rce3 Qc8 44.Kd3 Qc5
45.Rg2 b5 46.cxb5 Qxb5+ 47.Kd4 Qf1 48.Reg3 Kg6 49.Kc3 Qc1+ 50.Kd4 Qf4 51.Kd3 Kh6
52.Rh3+ Kg7 53.Rhg3 Kg6 54.Kd4 Kf7 55.Rg4 Qf1 56.Kc3 Qe1+ 57.Kc4 Qa5 58.R4g3 Qc5+
59.Kd3 Qc1 60.Kd4 Kg6 61.Kd3 Qf4 62.Kd4  1/2-1/2

[Event "Kamen Piskov mem 4"]
[Site "Ruse"]
[Date "1984.??.??"]
[Round "9"]
[White "Cserna, Laszlo"]
[Black "Sydor, Andrzej"]
[Result "1/2-1/2"]
[WhiteElo "2420"]
[BlackElo "2395"]

1.d4 Nf6 2.c4 e6 3.Nf3 Bb4+ 4.Bd2 a5 5.g3 d5 6.Qc2 Nc6 7.a3 Be7 8.Bg2 dxc4
9.Qxc4 Qd5 10.Qd3 Qf5 11.Qxf5 exf5 12.Nc3 Be6 13.Bf4 O-O-O 14.Rc1  1/2-1/2

[Event "Kamen Piskov mem 4"]
[Site "Ruse"]
[Date "1984.??.??"]
[Round "15"]
[White "Cserna, Laszlo"]
[Black "Spiridonov, Nikola"]
[Result "1/2-1/2"]
[WhiteElo "2420"]
[BlackElo "2445"]

1.d4 Nf6 2.c4 e6 3.Nf3 Bb4+ 4.Bd2 c5 5.g3 O-O 6.Bg2 Qb6 7.O-O Nc6 8.dxc5 Bxc5
9.Nc3 Be7 10.Qc2 d6 11.Rad1 Rd8 12.Bf4 d5 13.cxd5 Nb4 14.Qb1 Nbxd5 15.Nxd5 Nxd5
16.Bg5 Nf6 17.Rxd8+ Bxd8 18.Rd1 Be7 19.Be3 Qb5 20.Nd4 Qa6 21.Qd3 Qxa2 22.Nf5 exf5
23.Qd8+ Bf8 24.Bc5 h6 25.Bxf8 Kh7 26.Be7 Qxb2  1/2-1/2

[Event "Tatran Cup"]
[Site "Stary Smokovec"]
[Date "1984.??.??"]
[Round "2"]
[White "Knezevic, Milorad"]
[Black "Drasko, Milan"]
[Result "1/2-1/2"]
[WhiteElo "2415"]
[BlackElo "2480"]

1.d4 Nf6 2.c4 e6 3.Nf3 Bb4+ 4.Bd2 Qe7 5.g3 Nc6 6.Bg2 Bxd2+ 7.Nbxd2 d6 8.O-O a5
9.e4 e5 10.d5 Nb8 11.Ne1 O-O 12.Nd3 Na6 13.b3 c6 14.Qe2 cxd5 15.cxd5 Bd7
16.Rfc1 Bb5 17.Nc4 Nc5 18.Nxc5 dxc5  1/2-1/2

[Event "Tatran Cup"]
[Site "Stary Smokovec"]
[Date "1984.??.??"]
[Round "10"]
[White "Lechtynsky, Jiri"]
[Black "Knezevic, Milorad"]
[Result "1/2-1/2"]
[WhiteElo "2440"]
[BlackElo "2415"]

1.c4 e6 2.Nf3 Nf6 3.d4 Bb4+ 4.Bd2 Qe7 5.e3 Bxd2+ 6.Qxd2 Ne4 7.Qc2 Qb4+ 8.Nfd2 Nxd2
9.Qxd2 Qxd2+ 10.Kxd2 d6 11.Nc3 c6 12.Bd3 Ke7 13.b4 Nd7 14.f4 e5  1/2-1/2

[Event "CSR-ch"]
[Site "Sumperk"]
[Date "1984.??.??"]
[Round "1"]
[White "Ftacnik, Lubomir"]
[Black "Pastircak, Milan"]
[Result "1/2-1/2"]
[WhiteElo "2570"]
[BlackElo "2230"]

1.d4 Nf6 2.c4 e6 3.Nf3 Bb4+ 4.Bd2 a5 5.g3 Nc6 6.Bg2 d5 7.a3 Bd6 8.Qc2 O-O
9.O-O Re8 10.Nc3 dxc4 11.Rad1 Bd7 12.e4 e5 13.dxe5 Nxe5 14.Nxe5 Bxe5 15.Bg5 Qc8
16.f4 Bxc3 17.bxc3 Ra6 18.Bxf6 Rxf6 19.e5 Rb6 20.Bd5 Be6 21.Qe4 Rb2 22.f5 Bxd5
23.Rxd5 c6 24.Rd4 Rb5 25.e6 fxe6 26.fxe6 Rd5 27.Rxd5 cxd5 28.Qxd5  1/2-1/2

[Event "CSR-ch"]
[Site "Sumperk"]
[Date "1984.??.??"]
[Round "9"]
[White "Jurek, Josef"]
[Black "Franzen, Josef"]
[Result "1-0"]
[WhiteElo "2320"]
[BlackElo "2370"]

1.d4 Nf6 2.c4 e6 3.Nf3 Bb4+ 4.Bd2 Bxd2+ 5.Qxd2 b6 6.Nc3 Bb7 7.d5 Qe7 8.g3 Na6
9.Bg2 Qc5 10.O-O c6 11.Rac1 O-O 12.Nd4 Qxc4 13.dxc6 dxc6 14.Nd5 Qa4 15.b3 Qa3
16.Nxf6+ gxf6 17.Qh6 Qe7 18.Bxc6 Rfc8 19.Bxb7 Qxb7 20.Qxf6 Qe4 21.e3 Nb4
22.a3 Nd3 23.Rxc8+ Rxc8 24.Nb5 Qd5 25.a4 Nc1 26.h4 Nxb3 27.e4 Qd8 28.Qf4 Nd4
29.Qg4+ Kf8 30.Rd1 e5 31.Kg2 Rc4 32.Nxa7 Qa8 33.Nb5 Rxa4 34.Nc7 Qd8 35.Nd5 b5
36.Qh5 Kg7 37.Qxe5+ f6 38.Qh5 Qa8 39.Nb6  1-0

[Event "Thessaloniki ol (Women)"]
[Site "Thessaloniki"]
[Date "1984.??.??"]
[Round "4"]
[White "Arbil, Joan"]
[Black "De Armas, Asela"]
[Result "1/2-1/2"]
[WhiteElo "1865"]
[BlackElo "2100"]

1.d4 Nf6 2.c4 e6 3.Nf3 Bb4+ 4.Bd2 Qe7 5.Nc3 O-O 6.Qc2 d5 7.a3 Bxc3 8.Bxc3 Re8
9.e3 Nbd7 10.Bd3 c5 11.O-O cxd4 12.Nxd4 Nc5 13.Bb4 a5 14.Bxc5 Qxc5 15.b4 Qe7
16.cxd5 axb4 17.axb4 Rxa1 18.Rxa1 e5 19.Nb5 e4 20.Bc4 Qxb4 21.d6 Bd7 22.Rb1 Qa5
23.Qb3 Rf8  1/2-1/2

[Event "Tirnavia"]
[Site "Trnava"]
[Date "1984.??.??"]
[Round "8"]
[White "Ftacnik, Lubomir"]
[Black "Mokry, Karel"]
[Result "1/2-1/2"]
[WhiteElo "2570"]
[BlackElo "2435"]

1.Nf3 Nf6 2.c4 e6 3.d4 Bb4+ 4.Bd2 a5 5.g3 d5 6.a3 Be7 7.Bg2 Nc6 8.Qc2 Ne4
9.O-O O-O 10.Rd1 Nd6 11.c5 Ne4 12.Be3 f5 13.Ne5 Bg5 14.Bxg5 Qxg5 15.f4 Qe7
16.Bxe4 fxe4 17.Nc3 g5 18.Qd2 gxf4 19.gxf4 Kh8 20.Kh1 Bd7 21.Rg1 Rf5 22.Rg2 Raf8
23.Rag1 Be8 24.Nd1 Nxe5 25.fxe5 e3 26.Nxe3 Rh5 27.Ng4 Bg6 28.Nf6 Rxf6 29.exf6 Qxf6
30.Rxg6  1/2-1/2

[Event "Tunja"]
[Site "Tunja"]
[Date "1984.??.??"]
[Round "3"]
[White "Agzamov, Georgy"]
[Black "Garcia Gonzales, Guillermo"]
[Result "1/2-1/2"]
[WhiteElo "2570"]
[BlackElo "2515"]

1.d4 Nf6 2.c4 e6 3.Nf3 Bb4+ 4.Bd2 Qe7 5.g3 O-O 6.Bg2 Bxd2+ 7.Nbxd2 d6 8.e4 e5
9.d5 c5 10.O-O Nh5 11.Ne1 g6 12.a3 a5 13.b3 Na6 14.Nd3 f5 15.exf5 Bxf5 16.Ne4 Nf6
17.Qe2 Nxe4 18.Bxe4 Rae8 19.f3 Bd7 20.Qd2 Qd8 21.a4 Nb4 22.Nxb4 axb4 23.h4 Bf5
24.Rae1 Rf7 25.Qg5 Qxg5 26.hxg5 Kg7 27.Kg2 h6 28.gxh6+ Kxh6 29.Rh1+ Kg7 30.Rh4 Rff8
31.Reh1 Rh8 32.Rxh8 Rxh8 33.Rxh8 Kxh8 34.g4  1/2-1/2

[Event "Tunja"]
[Site "Tunja"]
[Date "1984.??.??"]
[Round "7"]
[White "Garcia Martinez, Silvino"]
[Black "Garcia Gonzales, Guillermo"]
[Result "1/2-1/2"]
[WhiteElo "2450"]
[BlackElo "2515"]

1.d4 Nf6 2.c4 e6 3.Nf3 Bb4+ 4.Bd2 Qe7 5.g3 O-O 6.Bg2 Bxd2+ 7.Nbxd2 d6 8.O-O e5
9.dxe5 dxe5 10.Ne1 Nc6 11.Nc2  1/2-1/2

[Event "URS Cup"]
[Site "URS"]
[Date "1984.??.??"]
[Round "?"]
[White "Rashkovsky, Nukhim N"]
[Black "Jussupow, Artur"]
[Result "1/2-1/2"]
[WhiteElo "2470"]
[BlackElo "2570"]

1.d4 Nf6 2.c4 e6 3.Nf3 Bb4+ 4.Bd2 a5 5.Nc3 b6 6.e3 Bb7 7.Bd3 O-O 8.O-O Bxc3
9.Bxc3 d5 10.Rc1 Nbd7 11.Qe2 Ne4 12.Rfd1 Qe7 13.Be1 Rfc8 14.cxd5 exd5 15.Nd2 Nd6
16.Nf1 Qe6 17.Ng3 Nf6 18.Nh5 Nxh5 19.Qxh5 h6 20.h3 c6 21.Qe2 Re8 22.Rc2 Rec8
23.Rcc1 Re8 24.Rc2  1/2-1/2

[Event "Vrnjacka Banja"]
[Site "Vrnjacka Banja"]
[Date "1984.??.??"]
[Round "?"]
[White "Spassov, Liuben"]
[Black "Adamski, Jan"]
[Result "1/2-1/2"]
[WhiteElo "2475"]
[BlackElo "2460"]

1.d4 Nf6 2.c4 e6 3.Nf3 Bb4+ 4.Bd2 Qe7 5.Nc3 Bxc3 6.Bxc3 Ne4 7.Rc1 O-O 8.g3 Nxc3
9.Rxc3 d6 10.Bg2 e5 11.O-O Nc6 12.d5 Nd8 13.Qc2 b6 14.b4 a5 15.a3 axb4 16.axb4 f6
17.c5 bxc5 18.bxc5 Nb7 19.cxd6 cxd6 20.Nh4 Bd7 21.Qb3 Rfb8 22.Qc2  1/2-1/2

[Event "Hoogovens-B"]
[Site "Wijk aan Zee"]
[Date "1984.??.??"]
[Round "5"]
[White "Andruet, Gilles"]
[Black "Georgiev, Kiril"]
[Result "0-1"]
[WhiteElo "2420"]
[BlackElo "2430"]

1.d4 Nf6 2.c4 e6 3.Nf3 Bb4+ 4.Bd2 c5 5.e3 b6 6.Bxb4 cxb4 7.Be2 O-O 8.O-O a5
9.a3 Na6 10.axb4 Nxb4 11.Nc3 Bb7 12.Ne5 Rc8 13.Nd3 d5 14.cxd5 Nfxd5 15.Nxd5 Nxd5
16.Qd2 Qd6 17.Rfc1 Rxc1+ 18.Rxc1 Rc8 19.Rxc8+ Bxc8 20.e4 Ne7 21.Ne5 Bb7 22.f3 Nc6
23.Nxc6 Bxc6 24.Qc3 g6 25.Kf2 Bd7 26.g3 h5 27.Ke3 Kf8 28.f4 Ke7 29.Bf3 Qc6
30.Qa3+ Ke8 31.Qc3 Qxc3+ 32.bxc3 Bb5 33.Be2 Bxe2 34.Kxe2 a4 35.Kd3 b5 36.h3 Kd7
37.g4 hxg4 38.hxg4 f5 39.gxf5 gxf5 40.exf5 exf5 41.Kc2 Kd6 42.Kb2 Kd5 43.Ka3 Kc4
44.Kb2 b4 45.cxb4 Kxb4  0-1

[Event "Hoogovens-B"]
[Site "Wijk aan Zee"]
[Date "1984.??.??"]
[Round "7"]
[White "Langeweg, Kick"]
[Black "Georgiev, Kiril"]
[Result "1-0"]
[WhiteElo "2400"]
[BlackElo "2430"]

1.d4 Nf6 2.Nf3 e6 3.c4 Bb4+ 4.Bd2 c5 5.g3 Bxd2+ 6.Nbxd2 cxd4 7.Nxd4 Qb6 8.N2b3 e5
9.Nf3 d6 10.Bg2 a5 11.c5 dxc5 12.Nxe5 Be6 13.O-O Nbd7 14.Nxd7 Nxd7 15.Qc2 O-O
16.Rfd1 Rac8 17.Nd2 c4 18.Ne4 h6 19.Nd6 Rc7 20.Rd2 Rd8 21.Rad1 Nf8 22.Qc3 Rdd7
23.Ne8 f6 24.Nxc7 Qxc7 25.Rxd7 Nxd7 26.Bd5 Kf7 27.Qf3 Ne5 28.Bxe6+ Kxe6 29.Qd5+ Ke7
30.Qg8 g5 31.Qh7+ Nf7 32.Qe4+ Ne5 33.f4 gxf4 34.gxf4 Qc5+ 35.e3 Qc6 36.Rd4  1-0

[Event "Yerevan"]
[Site "Yerevan"]
[Date "1984.??.??"]
[Round "?"]
[White "Novikov, Igor A"]
[Black "Rashkovsky, Nukhim N"]
[Result "1/2-1/2"]
[WhiteElo "2420"]
[BlackElo "2470"]

1.d4 Nf6 2.c4 e6 3.Nf3 Bb4+ 4.Bd2 Qe7 5.g3 Nc6 6.Bg2 Bxd2+ 7.Nbxd2 a5 8.O-O d6
9.e4 e5 10.d5 Nb8 11.Ne1 O-O 12.Nd3 Na6 13.b3 c6 14.a3 Bg4 15.Qe1 cxd5 16.cxd5 a4
17.Qe3 axb3 18.Nxb3 Bd7  1/2-1/2

[Event "URS-ch sf"]
[Site "Aktjubinsk"]
[Date "1985.??.??"]
[Round "?"]
[White "Dokhoian, Yury"]
[Black "Jailjan, M."]
[Result "1/2-1/2"]
[WhiteElo "2240"]
[BlackElo "2200"]

1.d4 Nf6 2.c4 e6 3.Nf3 Bb4+ 4.Bd2 Bxd2+ 5.Qxd2 O-O 6.g3 b6 7.Bg2 Bb7 8.Nc3 Ne4
9.Qc2 Nxc3 10.Qxc3 d6 11.O-O Nd7 12.Rad1 Qe7 13.Rfe1 f5 14.Nh4 Bxg2 15.Nxg2 e5
16.dxe5 Qxe5 17.Qxe5 Nxe5 18.b3 Rae8 19.f3 Rf7 20.Kf2 g6 21.Nf4 Nc6 22.Nd5 Kg7
23.Rd2 a5 24.a4 h6 25.Rc1 g5 26.Rc3 Re6 27.Re3 Rxe3 28.Nxe3 Kg6 29.Nc2 Re7
30.Nd4 Nxd4 31.Rxd4  1/2-1/2

[Event "URS-ch sf"]
[Site "Aktjubinsk"]
[Date "1985.??.??"]
[Round "?"]
[White "Gofshtein, Leonid D"]
[Black "Jailjan, M."]
[Result "1/2-1/2"]
[WhiteElo "2395"]
[BlackElo "2200"]

1.Nf3 Nf6 2.c4 e6 3.d4 Bb4+ 4.Bd2 Bxd2+ 5.Qxd2 O-O 6.Nc3 d5 7.e3 Qe7 8.Qc2 Nbd7
9.cxd5 exd5 10.Bd3 c6 11.O-O Re8 12.Nd2 c5 13.dxc5 Nxc5 14.Nb3 Nxd3 15.Qxd3 Rd8
16.Rac1 Be6 17.Qd4 a6 18.Na4 Rac8 19.Nb6 Rxc1 20.Rxc1 Ne4 21.Qe5 Qh4 22.Rc2 Nd6
23.Nd4 Qg4 24.h3 Qe4 25.Qxe4 Nxe4 26.Rc7 Nd6 27.b3 h6 28.g4 h5 29.f3 Kh7
30.a4 Kg6 31.Kg2 Kf6 32.Kg3 hxg4 33.hxg4 g5 34.f4 Ne4+ 35.Kf3 Rh8 36.f5 Rh2
37.Rc2 Nd2+ 38.Rxd2 Rxd2 39.fxe6 fxe6 40.Nd7+ Kf7 41.Nc5 e5 42.Nf5 Rb2 43.a5 Rc2
44.Nxb7 Kf6  1/2-1/2

[Event "Albena"]
[Site "Albena"]
[Date "1985.??.??"]
[Round "?"]
[White "Popchev, Milko"]
[Black "Toshkov, Tihomir"]
[Result "1/2-1/2"]
[WhiteElo "2480"]
[BlackElo "2420"]

1.Nf3 Nf6 2.d4 e6 3.c4 Bb4+ 4.Bd2 Qe7 5.g3 O-O 6.Bg2 d5 7.cxd5 exd5 8.Bxb4 Qxb4+
9.Qd2 Qxd2+ 10.Nbxd2 Bf5 11.O-O c6 12.Ne5 Nbd7 13.Nxd7 Nxd7  1/2-1/2

[Event "Albena"]
[Site "Albena"]
[Date "1985.??.??"]
[Round "?"]
[White "Lukacs, Peter"]
[Black "Lechtynsky, Jiri"]
[Result "1/2-1/2"]
[WhiteElo "2465"]
[BlackElo "2450"]

1.d4 Nf6 2.c4 e6 3.Nf3 Bb4+ 4.Bd2 Qe7 5.g3 Nc6 6.Nc3 O-O 7.Bg2 Bxc3 8.Bxc3 Ne4
9.Rc1 a5 10.O-O Nxc3 11.Rxc3 d6 12.d5 Nb4 13.a3 Na6 14.dxe6 fxe6 15.Ne1 e5
16.Qd5+ Be6 17.Qxb7 Nc5 18.Qxa8 Rxa8 19.Bxa8 Na4 20.Rc2 Nb6 21.Bg2 Nxc4 22.Nd3 c5
23.Rfc1  1/2-1/2

[Event "OHRA-B"]
[Site "Amsterdam"]
[Date "1985.??.??"]
[Round "5"]
[White "Bischoff, Klaus"]
[Black "Ivkov, Borislav"]
[Result "1-0"]
[WhiteElo "2415"]
[BlackElo "2510"]

1.d4 Nf6 2.Nf3 e6 3.c4 Bb4+ 4.Bd2 Qe7 5.g3 b6 6.Bg2 Bb7 7.O-O Bxd2 8.Qxd2 d6
9.Nc3 Ne4 10.Nxe4 Bxe4 11.Qe3 Bb7 12.d5 e5 13.Bh3 a5 14.Nh4 g6 15.f4 exf4
16.Qxe7+ Kxe7 17.Rxf4 Na6 18.Raf1 Raf8 19.Nf3 Nc5 20.Nd4 f5 21.b3 h5 22.Bg2 Bc8
23.a3 Bd7 24.b4 axb4 25.axb4 Na6 26.Rb1 g5 27.Rf3 f4 28.Ra3 Bc8 29.Nc6+ Ke8
30.Rba1 fxg3 31.hxg3 h4 32.Be4 Rh6 33.Rxa6 Bxa6 34.Rxa6 hxg3 35.Ra8+ Kf7
36.Ra7 Rh2 37.Rxc7+ Kf6 38.Bg2 g4 39.Re7 Kg6 40.Re3  1-0

[Event "Bayamo"]
[Site "Bayamo"]
[Date "1985.??.??"]
[Round "1"]
[White "Pigusov, Evgeny"]
[Black "Hernandez, Roman"]
[Result "1/2-1/2"]
[WhiteElo "2455"]
[BlackElo "2440"]

1.d4 Nf6 2.Nf3 e6 3.c4 Bb4+ 4.Bd2 Qe7 5.g3 Nc6 6.Bg2 Bxd2+ 7.Nbxd2 d6 8.O-O O-O
9.e4 e5 10.d5 Nb8 11.b4 a5 12.a3 Na6 13.Qb3 Bd7 14.Qc3 b6 15.Ne1 Rfc8 16.Rb1 axb4
17.axb4 b5 18.Nd3 c5 19.dxc6 Bxc6 20.c5 dxc5 21.bxc5 b4 22.Nxb4 Nxc5 23.Nxc6 Rxc6
24.Rb4 Rd8 25.Rc4 h6 26.Rc1 Rcd6 27.Rxc5 Rxd2  1/2-1/2

[Event "Bayamo"]
[Site "Bayamo"]
[Date "1985.??.??"]
[Round "2"]
[White "Hernandez, Roman"]
[Black "Garcia Gonzales, Guillermo"]
[Result "1/2-1/2"]
[WhiteElo "2440"]
[BlackElo "2440"]

1.d4 Nf6 2.c4 e6 3.Nf3 Bb4+ 4.Bd2 Qe7 5.g3 O-O 6.Bg2 Bxd2+ 7.Qxd2 d6 8.O-O e5
9.Nc3 Qe8 10.e4 Bg4 11.d5 c6 12.Ne1  1/2-1/2

[Event "Bayamo"]
[Site "Bayamo"]
[Date "1985.??.??"]
[Round "4"]
[White "Pecorelli Garcia, Humberto"]
[Black "Andres, Miguel"]
[Result "1/2-1/2"]
[WhiteElo "2435"]
[BlackElo "2385"]

1.d4 Nf6 2.Nf3 e6 3.c4 Bb4+ 4.Bd2 Qe7 5.g3 Nc6 6.Bg2 Bxd2+ 7.Nbxd2 d6 8.O-O O-O
9.e4 e5 10.d5 Nb8 11.Qc2 c6 12.Rac1 cxd5 13.cxd5 Na6 14.a3 Bd7 15.b4 Rfc8
16.Qb2 Qd8 17.Rxc8 Rxc8 18.Rc1 Rxc1+ 19.Qxc1  1/2-1/2

[Event "Bayamo"]
[Site "Bayamo"]
[Date "1985.??.??"]
[Round "6"]
[White "Garcia Gonzales, Guillermo"]
[Black "Knezevic, Milorad"]
[Result "1/2-1/2"]
[WhiteElo "2440"]
[BlackElo "2405"]

1.d4 Nf6 2.c4 e6 3.Nf3 Bb4+ 4.Bd2 Qe7 5.g3 Nc6 6.Bg2 Bxd2+ 7.Nbxd2 d6 8.O-O O-O
9.e4 e5 10.d5 Nb8 11.b4 Bg4 12.Qc2 Bxf3 13.Bxf3 a5 14.a3 Na6 15.Qc3 axb4
16.axb4 c5  1/2-1/2

[Event "Bayamo"]
[Site "Bayamo"]
[Date "1985.??.??"]
[Round "6"]
[White "Hernandez, Roman"]
[Black "Armas, Jorge"]
[Result "1/2-1/2"]
[WhiteElo "2440"]
[BlackElo "2330"]

1.d4 Nf6 2.Nf3 e6 3.c4 Bb4+ 4.Bd2 Qe7 5.g3 O-O 6.Bg2 Bxd2+ 7.Qxd2 d5 8.O-O Rd8
9.Na3 c5 10.Ne5 Nbd7 11.Nxd7 Bxd7 12.dxc5 Qxc5 13.Rfd1 Qc7 14.Qb4  1/2-1/2

[Event "Bayamo"]
[Site "Bayamo"]
[Date "1985.??.??"]
[Round "9"]
[White "Garcia Palermo, Carlos"]
[Black "Sariego, Wilfredo"]
[Result "1-0"]
[WhiteElo "2520"]
[BlackElo "2340"]

1.d4 Nf6 2.c4 e6 3.Nf3 Bb4+ 4.Bd2 a5 5.g3 d5 6.Qc2 Nc6 7.Bg2 dxc4 8.Qxc4 Qd5
9.Qd3 O-O 10.Nc3 Qh5 11.h3 Rd8 12.g4 Qg6 13.Qxg6 hxg6 14.e3 Nd5 15.Rc1 a4
16.a3 Nxc3 17.Bxc3 Be7 18.Nd2 Bd7 19.O-O Be8 20.f4 Ra7 21.g5 Nb8 22.Rfd1 Bb5
23.Kf2 b6 24.Ne4 c6 25.h4 Nd7 26.Rh1 f5 27.Ng3 c5 28.d5 c4 29.dxe6 Nc5 30.Rcd1 Nd3+
31.Ke2 Rd6 32.h5 Rxe6 33.Rh4 Bc6 34.Bxc6 Rxc6 35.hxg6 Rxg6 36.Nxf5 Bf8 37.Rdh1 b5
38.Rh8+ Kf7 39.Nh4 Rga6 40.g6+ Ke8 41.f5 b4  1-0

[Event "Bayamo"]
[Site "Bayamo"]
[Date "1985.??.??"]
[Round "10"]
[White "Pecorelli Garcia, Humberto"]
[Black "Hernandez, Roman"]
[Result "1/2-1/2"]
[WhiteElo "2435"]
[BlackElo "2440"]

1.d4 Nf6 2.c4 e6 3.Nf3 Bb4+ 4.Bd2 Qe7 5.g3 O-O 6.Bg2 Bxd2+ 7.Nbxd2 d6 8.e4 e5
9.d5 a5 10.O-O Na6 11.Ne1 Bd7 12.b3 Nc5 13.Qc2 c6 14.Nd3 Nxd3 15.Qxd3 cxd5
16.cxd5 Rfc8 17.Rfc1 Qd8 18.Bf1 h6 19.Be2 Rxc1+ 20.Rxc1 Rc8 21.Rxc8  1/2-1/2

[Event "Lang mem"]
[Site "Brno"]
[Date "1985.??.??"]
[Round "6"]
[White "Sevcik, Vladimir"]
[Black "Rogowski, Jaroslaw"]
[Result "1/2-1/2"]
[WhiteElo "2245"]
[BlackElo "2365"]

1.d4 Nf6 2.c4 e6 3.Nf3 Bb4+ 4.Bd2 Qe7 5.g3 O-O 6.Bg2 Bxd2+ 7.Qxd2 d6 8.Nc3 e5
9.O-O Re8 10.e4 a5 11.h3 Na6 12.Rfe1 Bd7 13.Rad1 exd4 14.Nxd4 Nc5 15.Nb3 Nxb3
16.axb3 Bc6 17.c5 Red8 18.Nd5 Bxd5 19.exd5 Qf8 20.b4 dxc5 21.bxa5 Rd6 22.b4 cxb4  1/2-1/2

[Event "Midwest Masters"]
[Site "Chicago"]
[Date "1985.??.??"]
[Round "3"]
[White "Thomas, K."]
[Black "Ginsburg, Mark"]
[Result "1-0"]
[WhiteElo "2200"]
[BlackElo "2415"]

1.d4 Nf6 2.Nf3 e6 3.c4 Bb4+ 4.Bd2 Qe7 5.g3 O-O 6.Bg2 Bxd2+ 7.Nbxd2 d6 8.O-O e5
9.e4 c5 10.d5 a6 11.h3 b5 12.Ne1 bxc4 13.Nxc4 a5 14.Nc2 Ba6 15.N2e3 g6 16.Re1 Bxc4
17.Nxc4 Nbd7 18.Re3 Rfb8 19.Ra3 Rb5 20.Qe2 Ne8 21.Nxe5 Rab8 22.Nc6 Qf6 23.Nxb8 Rxb8  1-0

[Event "Capablanca mem-B"]
[Site "Cienfuegos"]
[Date "1985.??.??"]
[Round "3"]
[White "Csom, Istvan"]
[Black "Hernandez, Roman"]
[Result "1/2-1/2"]
[WhiteElo "2480"]
[BlackElo "2440"]

1.d4 Nf6 2.c4 e6 3.Nf3 Bb4+ 4.Bd2 Qe7 5.g3 Nc6 6.Bg2 Bxd2+ 7.Nbxd2 d6 8.O-O e5
9.d5 Nb8 10.Ne1 a5 11.b3 O-O 12.e4 Na6 13.Nb1 c6 14.Nc3 Bd7 15.Nc2 cxd5 16.Nxd5 Nxd5
17.Qxd5 Nc5 18.Rfd1 Bc6 19.Qxd6 Qxd6 20.Rxd6 Bxe4 21.Ne3 f5 22.Bxe4 fxe4
23.Re1 a4 24.b4 Nd3 25.Re2 Nxb4 26.Nd5 Nc6 27.Rxe4 Rad8 28.c5 Kf7 29.Nb6 Rxd6
30.cxd6 Ke6 31.d7 Kd6 32.Rh4 Rh8 33.Rg4 g6 34.h4 Kc7 35.Nxa4 Kxd7 36.h5 Ne7
37.hxg6 hxg6 38.Rb4 Kc7 39.Nc5 b6 40.Ne4 Nc6 41.Rb2 Rd8  1/2-1/2

[Event "Capablanca mem-B"]
[Site "Cienfuegos"]
[Date "1985.??.??"]
[Round "3"]
[White "Ortega, Lexy"]
[Black "Pecorelli Garcia, Humberto"]
[Result "1/2-1/2"]
[WhiteElo "2385"]
[BlackElo "2435"]

1.d4 Nf6 2.c4 e6 3.Nf3 Bb4+ 4.Bd2 Qe7 5.g3 O-O 6.Bg2 Bxd2+ 7.Nbxd2 d6 8.O-O e5
9.Qc2 Re8 10.e4 a5 11.c5 dxc5 12.dxe5 Ng4 13.Rac1 Nc6 14.Qxc5 Qxc5 15.Rxc5 Ncxe5
16.Nxe5 Rxe5 17.Rfc1  1/2-1/2

[Event "Capablanca mem-B"]
[Site "Cienfuegos"]
[Date "1985.??.??"]
[Round "7"]
[White "Garcia Palermo, Carlos"]
[Black "Garcia Gonzales, Guillermo"]
[Result "0-1"]
[WhiteElo "2520"]
[BlackElo "2440"]

1.d4 Nf6 2.c4 e6 3.Nf3 Bb4+ 4.Bd2 a5 5.g3 d5 6.Qc2 Ra6 7.a3 Be7 8.Bg2 Nc6
9.O-O O-O 10.Rd1 Bd7 11.Bf4 dxc4 12.Qxc4 a4 13.Nbd2 Nd5 14.e4 Na5 15.Qc2 Rc6
16.Qd3 Nxf4 17.gxf4 Rb6 18.Rac1 Nb3 19.Rc3 Bb5 20.Qe3 Nxd2 21.Rxd2 Rd6 22.e5 Rd7
23.Ng5 c5 24.Nf3 b6 25.Rc1 Bc6 26.Rcd1 Qa8 27.f5 cxd4 28.Nxd4 Bxg2 29.f6 Re8
30.Qg3 Bf8 31.fxg7 Bc5 32.Nf5 exf5 33.Rxd7 Bf3 34.R1d3 Be2 35.Rd2 Qe4 36.Rd8 Qb1+
37.Rd1 Qxd1+ 38.Rxd1 Bxd1 39.Qd3 Bb3 40.Qxf5 Re6 41.Kf1 Bc4+ 42.Ke1 f6 43.f4 fxe5
44.fxe5 Re8 45.Kd2 Be6 46.Qd3 Kxg7 47.Qg3+ Kh8 48.Qh4 Bf8 49.Qxa4 Bh6+ 50.Ke1 Bf7
51.Qb5 Re6 52.Kd1 Bg7 53.Qd5 Bxe5 54.Qd8+ Kg7 55.Qg5+ Bg6 56.h4 Rd6+ 57.Ke2 Bf6
58.Qg3 Re6+ 59.Kd2 h5 60.Qc7+ Bf7 61.Qg3+ Bg6 62.Qc7+ Re7 63.Qxb6 Bxh4 64.a4 Bg5+
65.Kc3 h4 66.a5 h3 67.Qg1 Bf4 68.a6 h2 69.Qg2 Kf6 70.Qf1 Kg5 71.Qg2+ Kh4
72.Qf2+ Kg4 73.Qg2+ Bg3 74.a7 Rxa7 75.Qe2+ Kg5 76.Qd2+ Bf4 77.Qd8+ Kh5 78.Qd1+ Kh6
79.Qf3 Rf7 80.Kb3 Bh5 81.Qg2 Be5 82.Qd2+ Rf4 83.Qe1 Bf7+ 84.Kc2 Re4 85.Qf1 Bg6
86.Kb3 Rh4  0-1

[Event "Capablanca mem-A"]
[Site "Cienfuegos"]
[Date "1985.??.??"]
[Round "11"]
[White "Vera, Reynaldo"]
[Black "Ivkov, Borislav"]
[Result "0-1"]
[WhiteElo "2480"]
[BlackElo "2510"]

1.d4 Nf6 2.c4 e6 3.Nf3 Bb4+ 4.Bd2 Qe7 5.g3 b6 6.Bg2 Bb7 7.O-O Bxd2 8.Qxd2 d6
9.Nc3 Ne4 10.Nxe4 Bxe4 11.d5 e5 12.Nh4 Bxg2 13.Kxg2 g6 14.e4 O-O 15.Rae1 Nd7
16.Kh1 a5 17.b3 Rae8 18.Qc2 Qg5 19.Ng2 Qh5 20.f3 f5 21.exf5 Qxf5 22.Ne3 Qh3
23.Qg2 Qxg2+ 24.Kxg2 Rb8 25.a4 Nc5 26.Rb1 g5 27.Ng4 Kg7 28.Nf2 Kg6 29.Rfe1 Rf7
30.Re3 Rbf8 31.Rb2 h5 32.Rbe2 Kf5 33.h3 Kg6 34.Rb2 h4 35.g4 Rf4 36.Ne4 Nxe4
37.fxe4 Rf1 38.Rbe2 R8f4 39.Rb2 Rd1 40.Rf2 Rd4 41.Rfe2 Kf6 42.Re1 Ke7 43.R1e2 Rd1
44.Re1 Rd4  0-1

[Event "Frunze"]
[Site "Frunze"]
[Date "1985.??.??"]
[Round "14"]
[White "Novak, Ivan"]
[Black "Agzamov, Georgy"]
[Result "1/2-1/2"]
[WhiteElo "2290"]
[BlackElo "2590"]

1.d4 Nf6 2.c4 e6 3.Nf3 Bb4+ 4.Bd2 a5 5.g3 O-O 6.Bg2 b6 7.O-O Ba6 8.Qc2 d5
9.b3 c6 10.Bg5 Be7 11.Nbd2 Nbd7 12.e4 Rc8 13.Rfd1 h6 14.Bf4 Ne8 15.h4 b5
16.Bf1 Bb7 17.c5 dxe4 18.Nxe4 Ndf6 19.Bg2 Nxe4 20.Qxe4 Nf6 21.Qe1 Nd5 22.Bd2  1/2-1/2

[Event "Hamburg-ch"]
[Site "Hamburg"]
[Date "1985.??.??"]
[Round "?"]
[White "Dankert, Peter"]
[Black "Cordes, Hans Joerg"]
[Result "0-1"]
[WhiteElo "2290"]
[BlackElo "2295"]

1.d4 Nf6 2.Nf3 e6 3.c4 Bb4+ 4.Bd2 a5 5.Qc2 d5 6.a3 Bxd2+ 7.Nbxd2 Nc6 8.e3 O-O
9.Bd3 h6 10.O-O Qe7 11.Rac1 Rd8 12.Rfd1 Bd7 13.h3 Be8 14.cxd5 exd5 15.Nb1 Qd6
16.Nc3 Ne7 17.Ne2 c6 18.Ng3 Nd7 19.Qd2 Nf8 20.Bb1 f6 21.e4 Nfg6 22.Re1 Qf4
23.Qc2 Nf8 24.Ba2 Kh8 25.exd5 Nxd5 26.Re4 Qd6 27.Nf5 Qd7 28.N3h4 Bh5 29.Bxd5 Qxd5
30.Re7 Rd7 31.Rce1 g5 32.g4 Bg6 33.Nxg6+ Nxg6 34.Ne3 Rxe7 35.Nxd5 Rxe1+ 36.Kh2 Kg7
37.Ne3 Re8 38.d5 cxd5 39.Qc7+ Re7 40.Nf5+ Kf7 41.Nxe7 Rxe7 42.Qc5 Nf4 43.Qxa5 d4
44.Qb4 d3 45.Qc4+ Kg7 46.Qd4 Re2 47.Kg3 Re5 48.Kh2 Rd5 49.Qb6 d2 50.Qxb7+ Kf8
51.Qc8+ Ke7 52.Qc7+ Ke6 53.Qc6+ Ke5 54.Qc3+ Ke6 55.Qc8+ Ke5 56.Qc3+ Rd4 57.Qc7+ Ke4
58.Qc2+ Kf3  0-1

[Event "Havana-B"]
[Site "Havana"]
[Date "1985.??.??"]
[Round "4"]
[White "Frey, Kenneth"]
[Black "Knezevic, Milorad"]
[Result "0-1"]
[WhiteElo "2410"]
[BlackElo "2405"]

1.Nf3 Nf6 2.c4 e6 3.d4 Bb4+ 4.Bd2 c5 5.Bxb4 cxb4 6.Nbd2 O-O 7.e3 d6 8.Bd3 Nc6
9.O-O e5 10.Ne4 Bg4 11.d5 Nb8 12.h3 Bh5 13.Nxf6+ Qxf6 14.g4 Bg6 15.Bxg6 hxg6
16.Nd2 Qe7 17.Qb3 Na6 18.a3 bxa3 19.Qxa3 f5 20.f3 e4 21.b4 exf3 22.Nxf3 fxg4
23.hxg4 Qe4 24.Nh2 Qxc4 25.Rfc1 Qxb4 26.Qd3 Nc5 27.Qxg6 Qd2 28.Qxd6 Qxe3+
29.Kh1 Qe4+ 30.Kg1 Nd3  0-1

[Event "Havana-B"]
[Site "Havana"]
[Date "1985.??.??"]
[Round "4"]
[White "Dlugy, Maxim"]
[Black "Hernandez, Roman"]
[Result "1/2-1/2"]
[WhiteElo "2485"]
[BlackElo "2440"]

1.d4 Nf6 2.c4 e6 3.Nf3 Bb4+ 4.Bd2 Qe7 5.g3 O-O 6.Bg2 Bxd2+ 7.Qxd2 d6 8.Nc3 Re8
9.O-O e5 10.e4 Bg4 11.Ne1 Nc6 12.f3 Bd7 13.Nc2 Nxd4 14.Nxd4 exd4 15.Qxd4 Qe5
16.Rfd1 Qxd4+ 17.Rxd4 Kf8 18.b4 a5 19.c5 axb4 20.Rxb4 Ra3 21.Rc1 Rb8 22.cxd6 cxd6  1/2-1/2